000 00662nam a2200181Ia 4500
008 151018s9999 xx 000 0 und d
082 _bRBASDV29056
_a610
100 _aवेर्णर डेव्हिड
245 _aडॉक्टर नसेल तेथे
250 _b4
260 _bसुमंगल पब्लिकेशन कंपनी मुंबई
_c1995
300 _a263
600 _aवेर्णर डेव्हिड
630 _aडॉक्टर नसेल तेथे
700 _aवेर्णर डेव्हिड
730 _aडॉक्टर नसेल तेथे
942 _cBOOK
999 _c1028622
_d1028619